000 00975nam0a22002891 4500
001 rc\4235778
005 20130416111649.9
021 _aRU
_b[63-36627]
035 _a(NLR Aleph) 008466967
090 _a7905233
_c7905233
100 _a20130416d1963 |||y0rusy50 ca
101 0 _arus
102 _aRU
105 _aab z |||||
200 1 _aЗащита древесины от гниения
210 _aМосква
_cГосстройиздат
_d1963
215 _a64 с., 1 л. карт.
_cил.
_d20
225 1 _aВ помощь сельскому строителю
320 _aБиблиогр.: с. 62-63
606 _aДревесина
_xПротивогнилостная защита
_2psbo
700 1 _aАндреичева
_bН. А.
_gНина Алексеевна
701 1 _aСенков
_bФ. В.
_gФедор Васильевич
801 0 _aRU
_bNLR
_gpsbo
801 1 _aRU
_bELAR
_2rusmarc
852 _aNLR
_j63-4/8740
942 _cBOOK
980 _aNB